000 00799nam a22003137a 4500
001 BR2011005916
003 BR-BrBNA
005 20230928103757.0
007 ta
008 230509b bl.||||| |||| 00| 0 por d
040 _aBR-BrBNA
_bpor
_cBiblioteca Nacional de Agricultura
041 _a(Por)
072 _aF30
_b0336
090 _ 0336 BR2011005916
100 1 _aMoreira, J.U.V.
100 1 _aPipolo, A.E.
110 1 _aEMBRAPA Soja, Londrina, PR (Brasil)
245 1 _aCultivares de soja : Bahia/safra 2011/12
260 3 _aLondrina, PR (Brasil):
_c2011.
300 _a18 p.
500 _a7 illus
650 _aVARIEDADE
650 _aSOJA
650 _aSEMEADURA
650 _aDOENÇA DE PLANTA
650 _aSAFRA
909 _a202309
_bLucia
_c55
_dLucia Elande
942 _cBK
999 _c76581
_d76581